-
DEODHAR, DR. M.N. AND JAGTAP, J.R
Entry Personal Name
Number of records used in: 1
001 - CONTROL NUMBER
003 - CONTROL NUMBER IDENTIFIER
005 - DATE AND TIME OF LATEST TRANSACTION
- control field:
20240108115122.0
008 - FIXED-LENGTH DATA ELEMENTS
- fixed length control field:
240108|| aca||aabn | a|a d
040 ## - CATALOGING SOURCE
- Original cataloging agency:
JRU
- Transcribing agency:
JRU
100 ## - HEADING--PERSONAL NAME
- Personal name:
DEODHAR, DR. M.N. AND JAGTAP, J.R
670 ## - SOURCE DATA FOUND
- Source citation:
Work cat.: (JRU)5818: DEODHAR, DR. M.N. AND JAGTAP, J.R., PRACTICAL HANDBOOK OF PHARMACEUTICAL ORGANIC CHEMISTRY